000 00547nam a2200169 i 4500
001 22376
003 ES-MaACL
005 20230906152702.0
007 t|
008 021202s1868 sp ||||1| spa d
100 1 _aAlonso y Eguílaz, Juan.
_920425
245 1 3 _aLa cuestión de la libertad de cultos /
_cpor Juan Alonso y Eguilaz.
260 _aMadrid :
_b[s.n.,
_c1868] (
_fImp. de Tomas Rey y Cía)
300 _a13 p. ;
_c22 cm.
650 0 4 _aLibertad religiosa-
_zEspaña.
_914417
852 _aES-MaACL
_jFol-Laf-251
_z.- Legado M. de La Fuente
999 _c22376
_d22376